000 00713nam a22002417a 4500
003 UA-OsUOA
001 51115
007 ta
008 20071210b un ||||| |||| 00| 0 ukr d
100 _aГудь Б.
090 _a94(477+438)
_bГ93
942 _cBK
040 _aUA-OsUOA
_bukr
_cUA-OsUOA
_dUA-OsUOA
245 _aЗагибель Аркадії
_bЕтносоціальні аспекти українсько-польських конфліктів ХХ ст.
300 _a448 с.
955 _a2
041 _aukr
080 _a94(477+438)
020 _a966-02-4000-7
260 _aЛьвів
_c2006
650 7 _a9 Географія. Біографії. Історія
_2UDC
999 _c337213
_d337213